Name a Valid Pacific Country - Statistics

General Stats
  • This quiz has been taken 23 times
  • The average score is 14 of 20
Answer Stats
Hint Answer % Correct
An Asian island country Philippines / Japan / Taiwan / Indonesia / Brunei / East Timor
100%
Has got snowfall under 500m Canada / United States of America / Chile / Argentina / Russia / Japan / China / North Korea / South Korea / New Zealand
89%
With a coastline in the Atlantic Canada / United States of America / Mexico / Guatemala / Honduras / Nicaragua / Costa Rica / Panama / Colombia / Chile
89%
Borders only one country, but isn't Canada or Papua New Guinea South Korea / East Timor / Brunei
83%
With more than 3 stars on its flag, but isn't the USA Honduras / China / Papua New Guinea / Australia / New Zealand / Tuvalu / Samoa / Solomon Islands
78%
With a GDP per capita more than 50k$, but is smaller than Mexico New Zealand / Singapore / Taiwan
78%
Borders Lithuania Russia
78%
Generally an island country with only one major island Taiwan / Nauru / East Timor / Brunei
78%
Uses the Union Jack, but isn't Australia or New Zealand Tuvalu / Fiji
78%
With no red on its flag (Emblems W/ red excluded) Guatemala / El Salvador / Nicaragua / F. S. Micronesia / Marshall Islands / Nauru / Palau / Solomon Islands
72%
That owns a city named London Kiribati / Canada
72%
Generally has a desert United States of America / Peru / Chile / Australia / China
72%
Owns an overseas territory, but isn't the United States Australia / New Zealand
67%
Shorter than five letters Chile / Tonga / Japan / Samoa / China / Palau / Fiji / Peru
67%
It's capital has some sort of "Saint in its name El Savador / Honduras / Costa Rica / Chile
67%
Coast on the Gulf of Thailand, but isn't Thailand himself Cambodia / Vietnam / Malaysia
61%
Entirely surrounded by the "Ring of Fire" Japan / Philippines / Indonesia / Papua New Guinea / Tonga / New Zealand / Ecuador / El Salvador / Nicaragua / Panama / Costa Rica
61%
That is smaller than Malta, but isn't Nauru Tuvalu / Marshall islands
50%
That uses a currency that starts with the letter T or lower China / Japan / Samoa / South Korea / North Korea
44%
That would border a 8+ km2 lake if it extended its border 2km north Costa Rica
17%
No matching quizzes found
Score Distribution
Percent of People with Each Score
Percentile by Number Answered
Your Score History
You have not taken this quiz